| 000 | 00748nam a2200253Ia 4500 | ||
|---|---|---|---|
| 001 | dia_2037 | ||
| 003 | CHAP | ||
| 005 | 20260225091503.0 | ||
| 008 | 220117s1973 xx 000 0 und d | ||
| 010 | _a172575 | ||
| 040 | _cCHAP | ||
| 082 | _a634.972 A72 | ||
| 100 | 1 |
_aArguello Mendoza, Carlos _97013 |
|
| 245 |
_aAlgunos Aspectos Sobre la Fruticultura de Clima Templado en México / _c por Carlos Argüello Mendoza |
||
| 260 |
_aMéxico : _b S.N., _c1973 |
||
| 300 | _a82 p. | ||
| 500 | _aContiene miméografo | ||
| 650 |
_a1.Fruticultura _xMéxico/ _9152134 |
||
| 650 |
_aArboricultura. _96699 |
||
| 901 | _a634.972 A72 | ||
| 902 | _aM | ||
| 905 | _a0000001973 mx X 0000000000spa00 | ||
| 942 |
_cLIBRO _2ddc |
||
| 999 |
_c172575 _d172575 |
||